000 00244nam a2200097Ia 4500
001 726866
005 20250826163437.0
008 250824s9999 xx 000 0 und d
245 0 _aSEVDA SÖZLERİ
_cCEMAL SÜREYYA
260 _bYAPI KREDİ YAYINLARI
999 _c726866
_d726866